Lexikon philosophischer grundbegriffe der theologie

Tallennettuna:
Bibliografiset tiedot
Päätekijät: Franz, Albert (Tekijä), Baum, Wolfgang (Tekijä), Kreutzer, Karsten (Tekijä)
Aineistotyyppi: Kirja
Kieli:saksa
Julkaistu: Friburgo de Brisgovia Herder 2003
Painos:1a. ed
Aiheet:
Tagit: Lisää tagi
Ei tageja, Lisää ensimmäinen tagi!

MARC

LEADER 00000cam a2200000 a 4500
001 UCE6821
003 CL-VaPUC
008 150507e20030000gw |||||||||||||||||ger|d
020 |a 345128068X 
082 0 4 |a 220.3  |b FRA  |2 21 
100 0 |a Franz, Albert  |e author  |9 579429 
700 0 |a Baum, Wolfgang  |e author  |9 579430 
700 0 |a Kreutzer, Karsten  |e author  |9 579431 
245 1 0 |a Lexikon philosophischer grundbegriffe der theologie 
250 |a 1a. ed 
300 |a 518 p 
942 |c BK 
945 |d 20150507 00:22:00  |a arojas 
260 |a Friburgo de Brisgovia  |b Herder  |c 2003 
650 7 |a TEORIA FILOSOFICA  |2 CL-VaPUC  |9 497750 
650 0 |a Teología   |9 258766 
650 0 |a Glosarios  |9 261047 
650 0 |a Enciclopedias  |9 264135 
650 0 |a Diccionarios  |9 256200 
583 |a last modification  |c 20150507 00:22:00  |k Rodrigo Vera 
999 |c 359001  |d 358999 
952 |0 0  |1 0  |3 erd  |4 0  |6 220_300000000000000_FRA_2003  |7 0  |8 A  |9 467988  |a BIBTEO  |b BIBTEO  |e Casale Rolle, Carlos Ignacio, -2014  |i 5172632  |o 220.3 FRA 2003  |p 5172632  |r 2025-01-17  |w 2019-11-23  |y BK  |z Catalogado en:20150507  |k ICR